Why democracies collapse: the reasons for democratic failure and success (Record no. 66905)

000 -LEADER
fixed length control field 00536pab a2200193 454500
008 - FIXED-LENGTH DATA ELEMENTS--GENERAL INFORMATION
fixed length control field 180718b2005 xxu||||| |||| 00| 0 eng d
100 ## - MAIN ENTRY--PERSONAL NAME
Personal name Diskin, Abraham
245 ## - TITLE STATEMENT
Title Why democracies collapse: the reasons for democratic failure and success
260 ## - PUBLICATION, DISTRIBUTION, ETC.
Date of publication, distribution, etc. 2005
300 ## - PHYSICAL DESCRIPTION
Extent p.291-309.
362 ## - DATES OF PUBLICATION AND/OR SEQUENTIAL DESIGNATION
Dates of publication and/or sequential designation Jul
650 ## - SUBJECT ADDED ENTRY--TOPICAL TERM
Topical term or geographic name entry element Politics and government
650 ## - SUBJECT ADDED ENTRY--TOPICAL TERM
Topical term or geographic name entry element Political parties
650 ## - SUBJECT ADDED ENTRY--TOPICAL TERM
Topical term or geographic name entry element Democracy
700 ## - ADDED ENTRY--PERSONAL NAME
Personal name Hazan, Reuven Y.
700 ## - ADDED ENTRY--PERSONAL NAME
Personal name Diskin, Hanna
773 ## - HOST ITEM ENTRY
Main entry heading International Political Science Review
909 ## -
-- 66905
Holdings
Withdrawn status Lost status Damaged status Not for loan Permanent Location Current Location Date acquired Serial Enumeration / chronology Barcode Date last seen Price effective from Koha item type
        Indian Institute of Public Administration Indian Institute of Public Administration 2018-07-19 Volume no: 26, Issue no: 3 AR67361 2018-07-19 2018-07-19 Articles

Powered by Koha